Ryanair airline quiz - Statistics

General Stats
  • This quiz has been taken 138 times
  • The average score is 5 of 10
Answer Stats
Hint Answer % Correct
The airline never suffered a fatal accidnet
(type in true or false)
True
95%
The country where the airline is from Republic of Ireland
91%
Type of plane that Ryanair use Boeing B737-800
87%
Polish Ryanair subsdiary BUZZ
64%
The year airline was founded 1984
52%
A susbsidary of Ryanair from a Mediterranean island Malta Air
42%
Name of the airline's CEO Michael O'Leary
32%
The 'original name' of the airline Danren Enterprises
9%
Number of destinations 225
7%
Number of planes in its fleet 528
3%
No matching quizzes found
Score Distribution
Percent of People with Each Score
Percentile by Number Answered
Your Score History
You have not taken this quiz